Anteproyecto arquitectónico de un Centro de Desarrollo Infantil con enfoque bioclimático en el Mercado Israel Lewites

Presenta el anteproyecto arquitectónico de un centro de desarrollo infantil ubicado contiguo a la terminal de transportes del mercado Israel Lewites, consiste en el diseño y construcción de un CDI que forme parte del conjunto espacial del centro escolar Fernando Gordillo actualmente llamado Coleg...

Full description

Bibliographic Details
Main Author: Uriarte Tenorio, Stefan Iván
Other Authors: Tutor: Mayorga Navarro, Eduardo José
Format: Tesis Section = Libro
Language:Undetermined
Spanish
Published: Managua UNI 2017
Subjects:
LEADER 01178nam a2200253Ia 4500
008 240830s9999 xx 000 0 und d
040 |a BIBLIOTECA-RUSB/ Mon 725.57 U76 
041 |a spa 
082 |a Mon 725.57 U76 
100 1 |a Uriarte Tenorio, Stefan Iván 
245 1 0 |a Anteproyecto arquitectónico de un Centro de Desarrollo Infantil con enfoque bioclimático en el Mercado Israel Lewites 
260 |a Managua  |b UNI  |c 2017 
300 |a 108 p. :il. 
500 |a Contiene: anexos y CD. 
502 |a Tesis (Arquitecto) - UNI, 2017. 
520 3 |a Presenta el anteproyecto arquitectónico de un centro de desarrollo infantil ubicado contiguo a la terminal de transportes del mercado Israel Lewites, consiste en el diseño y construcción de un CDI que forme parte del conjunto espacial del centro escolar Fernando Gordillo actualmente llamado Colegio Fidel Coloma González. 
650 7 |a DISEÑO ARQUITECTONICO 
650 7 |b  DETALLES ARQUITECTONICOS 
650 7 |c  DISEÑO DE ESTRUCTURAS 
650 7 |d  CENTRO DE DESARROLLO INFANTIL-DISEÑO Y CONSTRUCCION 
700 1 |a Tutor:  |b Mayorga Navarro, Eduardo José 
942 |c BK  |2 ddc 
991 |a TESIS 
999 |c 21277